000 00729nam a2200241Ia 4500
003 OSt
005 20220925182849.0
006 a|||||r|||| 00| 0
007 ta
008 220923b |||||||| |||| 00| 0 eng d
037 _cGeneral Book
040 _aRTL
_cRTL
_beng
041 _2eng
_aeng
082 _aY72M-48.273.N8, M3
100 _aLal Manohar
_9257340
245 0 _aMunda Elites
_b Recruitment network, attitudes, perception and role in social transformation
260 _aDelhi
_bAmar Prakashan
_c1983
300 _a142p
_ccm.
500 _aBibliography: p 139-42
650 _aTribal Sociology
942 _hY72M-48.273.N8, M3
_cGB
_2CC
999 _c503327
_d503327